00759 2200229 4500001002100000005001700021008004100038035002400079082001200103090002300115100001400138245015000152260002900302300003700331500006900368500002800437650001600465850001500481980001200496985000600508999001500514YOGYA-0209000003976420090227025515.0 ind  0010-020900000039764 a332.041 a332.041bTri AlSK aTRI BUANA aAnalisa sumber dan penggunaan dana sebagai modal kerja pada perusahaan daerah aneka industri unit percetakan negeri di Yogyakartacoleh Tri Buana aYogyakartab[s.n.]c1994 avii, 59, [1] lembarbilusc29 cm aLaporan akhir : Akademi Keuangan dan Perbankan "YIPK" Yogyakarta aBibliografi : lembar 60 aModal kerja aYOPDYOG(B) a3-02-08 a1 a07A0028615